00916nam a2200217 a 450000100100000000500170001000800410002702000180006804000250008608200150011110000230012624501030014926000840025230000200033650000430035650400410039904900090044095201130044995201190056299900170068100002818020200930031421.0110407s2010 dr 000 0 spa d a9789945408461 aDO-SdBNPbspacBNPHU axxxxbI58a1 aInoa, Orlidy9945410aArmas de fuego en República Dominicana :bimpacto social y análisis jurídico /cOrlidy Inoa. aSanto Domingo :bArgos:bInstituto Caribeño para el Estado de Derecho,c2010. a45 p. ;c21 cm. aIncluye notas al pie de las páginas. aIncluye referencias bibliográficas aBNPD 0010718PDaPDbPDcCTd2011-04-07iLF1l0oxxxx I58ap28180-10r2020-06-25w2020-06-25yLFPDZNo se presta 0010718PDaPDbPDcCTd2011-04-07iLF1l0oxxxx I58ap28180-20r2020-06-25te. 2w2020-06-25yLFPDZNo se presta c27672d27672